LEADER 01448nam2-2200421---450 001 990005647350203316 005 20210825091238.0 035 $a000564735 035 $aUSA01000564735 035 $a(ALEPH)000564735USA01 035 $a000564735 100 $a20040604d1973----|||y0itaa50------ba 101 $aita 102 $ait 105 $a0 00||| 200 1 $a<<3.: >> Psicofisiologia del comportamento$fdi Jacques Paillard, Vincent Bloch e Henri Piéron$g[trad. di Liliana Zonta] 210 $aTorino$cEinaudi$dcopyr. 1973 215 $aXII, 259 p.$d22 cm 300 $aTrad. di: Psychophysiologie du comportement. 454 $1001SA0010532$12001$aPsychophysiologie du comportement$fJacques Paillard, Vincent Bloch et Henri Piéron.$926979 461 0$1001000563166$12001$aTrattato di psicologia sperimentale$v3 606 $aComportamento$2F 620 $dTORINO 676 $a153.85 700 1$aPAILLARD,$bJacques$0204735 701 1$aBLOCH,$bVincent$0204736 701 1$aPIÉRON,$bHenri$0396893 702 1$aZONTA,$bLiliana 801 0$aIT$bSA$c20111219 912 $a990005647350203316 950 0$aDipar.to di Filosofia - Salerno$dDFFDC TRAPS 3$e5628 FIL 951 $aXV.18.A. 1240 3 (FDC TRAPS 3)$b5628 FIL$cXV.18.A$d481668 959 $aBK 969 $aFDECI 979 $c20121027$lUSA01$h1525 979 $c20121027$lUSA01$h1614 996 $aPsychophysiologie du comportement$926979 997 $aUNISA LEADER 01359aam 2200397I 450 001 9910710282203321 005 20160121100808.0 024 8 $aGOVPUB-C13-41e6596d85e8a5a4b7fb5aefc387989c 035 $a(CKB)5470000002476462 035 $a(OCoLC)935499306 035 $a(EXLCZ)995470000002476462 100 $a20160121d1980 ua 0 101 0 $aeng 181 $2rdacontent 182 $2rdamedia 183 $2rdacarrier 200 10$aCollaborative reference program for paper $ereport no. 61G /$fR. G. Powell; J. Horlick 210 1$aGaithersburg, MD :$cU.S. Dept. of Commerce, National Institute of Standards and Technology,$d1980. 215 $a1 online resource 225 1 $aNBSIR ;$v80-1821 300 $a1980. 300 $aContributed record: Metadata reviewed, not verified. Some fields updated by batch processes. 300 $aTitle from PDF title page. 320 $aIncludes bibliographical references. 517 $aCollaborative reference program for paper 700 $aPowell$b R. G$01386938 701 $aHorlick$b J$01386491 701 $aPowell$b R. G$01386938 712 02$aUnited States.$bNational Bureau of Standards. 801 0$bNBS 801 1$bNBS 801 2$bGPO 906 $aBOOK 912 $a9910710282203321 996 $aCollaborative reference program for paper$93441856 997 $aUNINA LEADER 01586nas 2200373 n 450 001 990008885310403321 005 20240229084333.0 011 $a0567-7920 035 $a000888531 035 $aFED01000888531 035 $a(Aleph)000888531FED01 035 $a000888531 091 $2CNR$aP 00014827 100 $a20161109a19569999km-y0itaa50------ba 101 0 $aeng 102 $aPO 110 $aauu-------- 200 1 $aActa palaentologica Polonica 207 1$a1956- 210 $aWarszawa$cInstytut Paleobiologii PAN 326 $aTrimestrale 530 0 $aActa palaentologica Polonica 675 $a56 712 02$aPolska Akademia Nauk$bInstytut Paleobiologii 801 0$aIT$bACNP$c20090723 859 4 $uhttp://acnp.cib.unibo.it/cgi-ser/start/it/cnr/dc-p1.tcl?catno=7470&person=false&language=ITALIANO&libr=&libr_th=unina1$zBiblioteche che possiedono il periodico 901 $aSE 912 $a990008885310403321 958 $aBiblioteca del Gruppo Geomineralogico - Università degli studi di Napoli Federico II$b1956-1985;1990-2001;2003-2007;$c1957;1973;1983;1991;1998;2000;$eSc. 14$fGM1 959 $aGM1 996 $aActa palaentologica Polonica$9802361 997 $aUNINA AP1 8 $6866-01$aNA081 Biblioteca del Gruppo Geomineralogico - Università degli studi di Napoli Federico II$bSc. 14$elargo San Marcellino, 10, 80138 Napoli (NA)$m0812538157$nit AP2 40$aacnp.cib.unibo.it$nACNP Italian Union Catalogue of Serials$uhttp://acnp.cib.unibo.it/cgi-ser/start/it/cnr/df-p.tcl?catno=7470&language=ITALIANO&libr=&person=&B=1&libr_th=unina&proposto=NO